000 nam a22 7a 4500
999 _c7961
_d7961
008 171118b xxu||||| |||| 00| 0 eng d
100 _94418
_aNCERT
245 _aMATHAMETICS EXEMPLAR PROBLEM-XII
260 _aNEW DELHI
_bNCERT
_c2016